[Event "Bojnice"]
[Site "Bojnice"]
[Date "1993.??.??"]
[Round "?"]
[White "Huba, Martin"]
[Black "Petran, Peter"]
[Result "0-1"]
[WhiteElo "2195"]
[BlackElo "2440"]

1.e4 g6 2.d4 Bg7 3.Nc3 d6 4.h4 h5 5.Be3 c6 6.f4 Nf6 7.Be2 Ng4 8.Bxg4 Bxg4
9.Nf3 Nd7 10.Qd3 Bxf3 11.gxf3 b5 12.e5 Nb6 13.O-O-O e6 14.Ne4 d5 15.Nd6+ Kf8
16.Rdg1 Qe7 17.Bd2 a5 18.Rg2 Nc4 19.Nxc4 bxc4 20.Qe2 Ke8 21.Re1 Bf8 22.f5 gxf5
23.Bg5 Qb7 24.c3 Be7 25.Bf6 Bxf6 26.exf6 Kd7 27.Rg7 Kc8 28.Qh2 Qd7 29.Reg1 Kb7
30.Rxf7 Qxf7 31.Rg7 Rh7 32.Rxf7+ Rxf7 33.Qd6 Raf8 34.a4 Rxf6 35.Qe7+ Kc8
36.Qa7 R6f7 37.Qxa5 Kd7 38.Qa7+ Ke8 39.Qc5 Re7 40.Qxc6+ Kf7 41.a5 Ra7 42.Qd6 Rfa8
43.Qg3 Rxa5 44.Qc7+ Kg8 45.Qe7 R5a6 46.Qg5+ Kf8 47.Qxh5 Ke7 48.Qh7+ Kd6 49.Qb7 R6a7
50.Qb6+ Ke7 51.Kc2 Rd7 52.Qc5+ Kf7 53.Qc6 Rad8 54.Qa4 Re7 55.Kd2 Rh8 56.Qd1 Rxh4
57.Qg1 Rb7 58.Kc2 Rh8 59.Qg3 Rhb8 60.Kd2 Rg8 61.Qh4 Rxb2+ 62.Ke3 Rc2 63.Kf4 Rcg2
64.Ke5 R2g6 65.Kd6 R8g7 66.Qh8 f4 67.Qh4 Rf6 68.Qh5+ Kg8 69.Qe8+ Kh7 70.Ke5 Rgf7
71.Qa4 Rg6 72.Qc2 Kg7 73.Qh2 Rf5+ 74.Kd6 Rh6 75.Qg2+ Rg6 76.Qh3 Rff6 77.Qh4 Rh6
78.Qg5+ Kf7 79.Qg4 Rf5 80.Qg2 Rh4 81.Kd7 Rfh5 82.Qe2 Rh6 83.Qe5 Rg6 84.Kd6 Rf6
85.Qg5 Rh8 86.Kd7 Rh3 87.Qg4 Rg3 88.Qh5+ Kg7 89.Ke7 Rf5 90.Qh4 Rg6 91.Kd6 Rf7
92.Qh5 Rff6 93.Ke7 Rf5 94.Qh3 Rfg5 95.Qh4 e5 96.dxe5 Rxe5+ 97.Kd7 Rf6 98.Qg4+ Kf7
99.Kd8 Re7 100.Kc8 Kf8 101.Qg5 Rff7 102.Qh6+ Kg8 103.Qg6+ Kf8 104.Qh6+ Rg7
105.Qf6+ Kg8 106.Kd8 Rd7+ 107.Kc8 Rgf7 108.Qe6 d4 109.cxd4 c3 110.Kb8 c2
111.Qc4 c1=Q 112.Qxc1 Rf8+ 113.Qc8 Rxc8+ 114.Kxc8 Rxd4  0-1

[Event "Bojnice"]
[Site "Bojnice"]
[Date "1993.??.??"]
[Round "?"]
[White "Biolek, Richard"]
[Black "Petran, Peter"]
[Result "1-0"]
[WhiteElo "2420"]
[BlackElo "2440"]

1.e4 g6 2.d4 Bg7 3.Nc3 d6 4.Be3 c6 5.Qd2 b5 6.f3 Nd7 7.h4 h5 8.Nh3 Nb6 9.b3 Bxh3
10.Rxh3 Nf6 11.Ne2 a5 12.Nf4 Qc7 13.Nd3 Nfd7 14.Rd1 d5 15.e5 e6 16.Rc1 Bf8
17.c3 Be7 18.g3 Rb8 19.Rh2 Nc8 20.Re2 Ba3 21.Rc2 Ne7 22.Kf2 Nf5 23.Bh3 Nxe3
24.Qxe3 c5 25.c4 dxc4 26.bxc4 bxc4 27.Rxc4 Nb6 28.Rcc2 Nd5 29.Qe4 c4 30.Nc5 Bxc5
31.Rxc4 Bxd4+ 32.Qxd4 Qe7 33.Qc5 Qxc5+ 34.Rxc5 a4 35.f4 O-O 36.Rd2 Rb4 37.Bg2 Nb6
38.Rc7 a3 39.Rc3 Rb8 40.Rdc2 Ra4 41.Rb3 Kg7 42.Bc6 Ra7 43.Rcc3 Rc7 44.Ke2 Nd7
45.Bxd7 Rxc3 46.Rxc3 Rb2+ 47.Kd3 Rxa2 48.Bc6 Ra1 49.Kc4 f6 50.Kb3 fxe5 51.fxe5 Re1
52.Kxa3 Rxe5 53.Kb3 g5 54.Kc2 gxh4 55.gxh4 Rf5 56.Kd2 Rf4 57.Rh3 Kf6 58.Bf3 Rf5
59.Ke3 Ra5 60.Rh1 Ra3+ 61.Kf2 Ra5 62.Rb1 Rc5 63.Kg3 Ra5 64.Rb8 Rc5 65.Rf8+ Kg7
66.Rf4 Rf5 67.Ra4 Kf6 68.Be4 Rb5 69.Kf4 Rc5 70.Ra8 Rb5 71.Rh8 Kg7 72.Rh7+ Kf6
73.Rh6+ Kf7 74.Rg6 Rb4 75.Rg5 Kf6 76.Rxh5 Ra4 77.Rh6+ Kf7 78.h5 Ra5 79.Bg6+ Kg8
80.Rh7 Rb5 81.Re7 Rb6 82.Kg5 Rb8 83.Kh6 e5 84.Rxe5 Rc8 85.Re7  1-0

[Event "Bratislava op"]
[Site "Bratislava"]
[Date "1993.??.??"]
[Round "5"]
[White "Andrienko, Anatoly"]
[Black "Chernyshov, Konstantin"]
[Result "1-0"]
[WhiteElo "2285"]
[BlackElo "2400"]

1.e4 g6 2.d4 Bg7 3.Nc3 d6 4.Be3 c6 5.Qd2 Nd7 6.h4 b5 7.h5 b4 8.Nd1 a5 9.h6 Bf8
10.a3 Rb8 11.axb4 axb4 12.Bd3 e6 13.Ne2 Ngf6 14.f3 Be7 15.O-O O-O 16.Nf2 d5
17.e5 Ne8 18.Ng4 Qc7 19.Bg5 Nb6 20.Qf4 Qd8 21.Bxe7 Qxe7 22.Nf6+ Nxf6 23.exf6 Qb7
24.Ba6 Qxa6 25.Qxb8 Qxe2 26.Qxb6 Qe3+ 27.Rf2 Qxh6 28.f4 Qh4 29.Qxc6 Qxf6
30.Ra8 Qd8 31.Qc5 Re8 32.Qxb4 Qc7 33.Qb5 Rf8 34.c3 Kg7 35.Qb8 Qc6 36.Rf1 Re8
37.Rfa1 Kh6 38.Qe5 Bb7 39.Qf6 Qb5 40.Kf2 Qxb2+ 41.Kg3 Qxc3+ 42.Kg4  1-0

[Event "Bratislava op"]
[Site "Bratislava"]
[Date "1993.??.??"]
[Round "8"]
[White "Andrienko, Anatoly"]
[Black "Asanov, Bolat"]
[Result "1-0"]
[WhiteElo "2285"]
[BlackElo "2385"]

1.e4 g6 2.d4 Bg7 3.Nc3 d6 4.Be3 a6 5.Be2 b5 6.f4 Bb7 7.a3 Nd7 8.Bf3 e5 9.Nge2 Ngf6
10.O-O O-O 11.Ng3 exd4 12.Bxd4 Nb6 13.Qd3 c5 14.Bxf6 Bxf6 15.e5 Bxf3 16.exf6 Bc6
17.Nce4 Nd5 18.f5 Nxf6 19.Nxf6+ Qxf6 20.fxg6 Qxg6 21.Rf5 Rae8 22.Qd2 Re5
23.Raf1 Rxf5 24.Nxf5 Kh8 25.Ne7 Qe4 26.Re1 Qxg2+ 27.Qxg2 Bxg2 28.Kxg2 Rd8
29.Nf5 h5 30.Kf3 d5 31.Kf4 d4 32.Rd1 a5 33.Rd2 b4 34.a4 Kh7 35.Kg5 b3 36.cxb3 Rb8
37.Rd3 Rg8+ 38.Kf6 Rg2 39.Rh3 Kg8 40.Ne7+ Kf8 41.Rxh5 Rf2+ 42.Rf5 Re2 43.Nd5 Rxh2
44.Nf4 Rc2  1-0

[Event "Bristol op"]
[Site "Bristol"]
[Date "1993.??.??"]
[Round "3"]
[White "Mordue, A Tyson"]
[Black "Beaumont, Chris"]
[Result "0-1"]
[WhiteElo "2240"]
[BlackElo "2365"]

1.e4 g6 2.d4 d6 3.Nc3 Bg7 4.f4 Nf6 5.Nf3 c5 6.dxc5 Qa5 7.Bd3 Qxc5 8.Qe2 Bg4
9.Be3 Qa5 10.O-O O-O 11.Rad1 Nc6 12.Bc4 Nd7 13.h3 Bxf3 14.Rxf3 Nc5 15.Bf2 Rac8
16.a3 Ne6 17.Bxe6 fxe6 18.Qd2 a6 19.Kh1 b5 20.e5 dxe5 21.Qd7 Nd4 22.Bxd4 exd4
23.Qxe6+ Kh8 24.Ne4 Rxc2 25.Ng5 Bf6 26.Nf7+ Kg7 27.Ne5 Qc7 28.Nd7 Rd8 29.Nxf6 exf6
30.f5 Rd6 31.Qe4 Rxb2 32.fxg6 hxg6 33.Rg3 Qf7 34.Rxd4 Rxd4 35.Qxd4 Rc2 36.Qd3 Rc1+
37.Kh2 Rc4 38.Qb1 f5 39.Qb2+ Qf6 40.Qd2 Qd4 41.Qg5 Qd6 42.Kh1 Qd1+ 43.Kh2 Qd6
44.Kh1 Rd4 45.h4 Rd1+ 46.Kh2 Rd3 47.h5  0-1

[Event "Brno"]
[Site "Brno"]
[Date "1993.??.??"]
[Round "4"]
[White "Hracek, Zbynek"]
[Black "Gofshtein, Leonid D"]
[Result "1-0"]
[WhiteElo "2510"]
[BlackElo "2540"]

1.e4 g6 2.d4 Bg7 3.Nc3 d6 4.Nf3 Nf6 5.Be2 O-O 6.O-O Nc6 7.d5 Nb8 8.Re1 Bg4
9.Be3 c6 10.h3 Bxf3 11.Bxf3 Nbd7 12.dxc6 bxc6 13.Rb1 Ne8 14.Qd2 Nc7 15.Be2 Ne6
16.Bf1 Nb6 17.b3 Rb8 18.Rbd1 c5 19.Nd5 Qd7 20.a4 Qd8 21.c3 Nc7 22.Bg5 Nbxd5
23.exd5 f6 24.Bf4 Rxb3 25.Qc2 Rb8 26.h4 Qd7 27.Bc4 Rf7 28.Re6 Qd8 29.h5 gxh5
30.Qf5 Bf8 31.Re3 Rg7 32.Bd3 Qc8 33.Qxh5 Qe8 34.Qh3 Qxa4 35.Rg3 Qxd1+ 36.Kh2 h5
37.Qf5 Kf7 38.Rxg7+ Bxg7 39.Qg6+ Kf8 40.Bh6 Qg4 41.Bxg7+ Kg8 42.Qh7+  1-0

[Event "Bruchkoebel MT"]
[Site "Bruchkoebel"]
[Date "1993.??.??"]
[Round "3"]
[White "Lutz, Klaus Juergen"]
[Black "Alber, Horst"]
[Result "1/2-1/2"]
[WhiteElo "2270"]
[BlackElo "2315"]

1.e4 g6 2.d4 Bg7 3.Nc3 d6 4.Nf3 c6 5.a4 Bg4 6.Be2 a5 7.Be3 Nf6 8.O-O O-O
9.Qd2 e5 10.dxe5 dxe5 11.Rad1 Nbd7 12.h3 Bxf3 13.Bxf3 Re8 14.Bg4 Nf8 15.Qxd8 Raxd8
16.Bb6 Rxd1 17.Rxd1 h5 18.Be2 N8d7 19.Be3 Bf8 20.g4 hxg4 21.hxg4 Nc5 22.f3 Ne6
23.Bc4 Bc5 24.Bxc5 Nxc5 25.Kf2 Kf8 26.Ke3 Ke7 27.Rh1 Rd8 28.b3 Ncd7 29.Be2 Nb6
30.Nb1 Rd4 31.Rh8 Rd8 32.Rh1 Nfd7 33.Nd2 Nc5 34.Bc4 Ne6 35.Bxe6 Kxe6 36.Nb1 Na8
37.Na3 Nb6 38.Nb1 Na8  1/2-1/2

[Event "Bruchkoebel MT"]
[Site "Bruchkoebel"]
[Date "1993.??.??"]
[Round "7"]
[White "Zude, Arno"]
[Black "Alber, Horst"]
[Result "1/2-1/2"]
[WhiteElo "2465"]
[BlackElo "2315"]

1.e4 g6 2.d4 Bg7 3.Nc3 d6 4.Be3 a6 5.Qd2 b5 6.f3 Nd7 7.Nh3 Bb7 8.Nf2 c5 9.a4 b4
10.Ncd1 Rb8 11.a5 cxd4 12.Bxd4 Ngf6 13.Ng4 O-O 14.Nxf6+ Bxf6 15.Ba7 Ra8 16.Be3 Qc7
17.Qxb4 d5 18.Bd3 Be5 19.g3 Nf6 20.Nf2 dxe4 21.fxe4 Rac8 22.Bb6 Qb8 23.Bd4 Bxd4
24.Qxd4 Rfd8 25.Qb4 Qa7 26.Qb6 Qxb6 27.axb6 Rc6 28.O-O-O  1/2-1/2

[Event "Bruchkoebel MVT"]
[Site "Bruchkoebel"]
[Date "1993.??.??"]
[Round "8"]
[White "Kleinschmidt, Felix"]
[Black "Mueller, Achim"]
[Result "0-1"]
[WhiteElo "2255"]
[BlackElo "2260"]

1.e4 g6 2.d4 Bg7 3.Nc3 d6 4.f4 c6 5.Nf3 Bg4 6.Be3 Qb6 7.Qd2 Bxf3 8.gxf3 Nd7
9.O-O-O Qa5 10.Kb1 b5 11.e5 b4 12.Ne4 d5 13.e6 fxe6 14.Ng5 Nf8 15.Bh3 Nh6
16.Nxe6 Nxe6 17.Bxe6 Rf8 18.Rde1 Nf5 19.Bf2 Rb8 20.Re2 Nd6 21.Bh4 Rb7 22.Rhe1 Bf6
23.Bxf6 Rxf6 24.Re3 Nc4 25.Qe2 Nxe3 26.Qxe3 Qc7 27.f5 Qxh2 28.f4 gxf5 29.Qe5 Kd8
30.b3 Qf2 31.Re2 Qg1+ 32.Re1 Qg4 33.Re3 h5 34.Kb2 Rc7 35.Bd7 Qg7 36.Bxf5 h4
37.Be6 Rg6 38.Bf5 Qxe5 39.dxe5 Rg3 40.Re1 e6 41.Bxe6 Rh7 42.f5 Ke7 43.Bc8 Rf3
44.f6+ Kf7 45.Bg4 Rf4 46.Bh3 Re4 47.e6+ Kxf6 48.Rf1+ Kg5 49.Bf5 Re7 50.Bxe4 dxe4
51.Rg1+ Kf4 52.Rg6 Kf3 53.Kc1 h3 54.Kd2 e3+ 55.Kd3 h2 56.Rf6+ Kg2 57.Rg6+ Kf2
58.Rf6+ Kg2 59.Rg6+ Kf2 60.Rf6+ Kg1 61.Rg6+ Kf1 62.Rf6+ Ke1 63.Rh6 e2 64.Rxh2 Rxe6  0-1

[Event "Bucharest"]
[Site "Bucharest"]
[Date "1993.??.??"]
[Round "?"]
[White "Tseitlin, Mikhail S"]
[Black "Hauchard, Arnaud"]
[Result "1/2-1/2"]
[WhiteElo "2485"]
[BlackElo "2450"]

1.e4 g6 2.d4 Bg7 3.Nc3 d6 4.f4 Nd7 5.Nf3 c6 6.Be3 e5 7.dxe5 dxe5 8.f5 Ngf6
9.h3 Qa5 10.fxg6 hxg6 11.Bd3 Nc5 12.O-O Ne6 13.Bc4 Nh5 14.Qd6 Qd8 15.Qxd8+ Nxd8
16.Ne2 Ne6 17.Rad1 Nhf4 18.Nxf4 exf4 19.Bc1 Rh5 20.c3 Bd7 21.a3 g5 22.Nd4 Nxd4
23.cxd4 Kf8 24.a4 Re8 25.Rfe1 c5 26.dxc5 Bxa4 27.Rd5 Be5 28.b4 Bc6 29.Rd3 a6
30.Bd5 Rh6 31.Kf2 Rd8 32.Red1 Ke7 33.Kf3 Bb5 34.Ra3 Rd7 35.Rd2 Rh8 36.Bb2 Kf6
37.Rc2 Bxb2 38.Rxb2 Ke5 39.Rc2 f5 40.c6 bxc6 41.Bxc6 g4+ 42.hxg4 fxg4+ 43.Kf2 Bxc6
44.Rxc6 Rd2+ 45.Kg1 Rd1+ 46.Kf2 Rd2+ 47.Kg1  1/2-1/2

[Event "Bucharest schev"]
[Site "Bucharest"]
[Date "1993.??.??"]
[Round "?"]
[White "Botvinnik, Ilia"]
[Black "Kozakov, Mikhail"]
[Result "1-0"]
[WhiteElo "2395"]
[BlackElo "2265"]

1.d4 g6 2.e4 Bg7 3.Nc3 d6 4.Bc4 Nf6 5.Qe2 O-O 6.e5 Ne8 7.f4 c5 8.d5 Nc7 9.Nf3 e6
10.Be3 b5 11.Nxb5 Nxb5 12.Bxb5 exd5 13.c3 Qa5 14.O-O c4 15.Nd4 a6 16.Bc6 Nxc6
17.Nxc6 Qc7 18.Nb4 Qb7 19.Rad1 Be6 20.exd6 a5 21.Nc2 Qxb2 22.Bd4 Bxd4+ 23.Nxd4 Qxe2
24.Nxe2 Bg4 25.Rfe1 Rfe8 26.Kf1 Re4 27.Rxd5 Bxe2+ 28.Rxe2 Rxf4+ 29.Ke1 Rd8
30.d7 Kf8 31.Kd2  1-0

[Event "Bucharest"]
[Site "Bucharest"]
[Date "1993.??.??"]
[Round "?"]
[White "Moldovan, Daniel"]
[Black "Nevednichy, Vladislav"]
[Result "1-0"]
[WhiteElo "2435"]
[BlackElo "2495"]

1.e4 g6 2.d4 Bg7 3.Nc3 d6 4.h3 a6 5.Bg5 b5 6.a4 b4 7.Nd5 a5 8.Bc4 c6 9.Ne3 Qb6
10.Nf3 e6 11.O-O Ne7 12.e5 d5 13.Bd3 Ba6 14.Bxa6 Qxa6 15.c4 bxc3 16.bxc3 Nd7
17.c4 h6 18.Bxe7 Kxe7 19.Qc2 Rhb8 20.Rfb1 Bf8 21.c5 h5 22.g4 hxg4 23.hxg4 Rxb1+
24.Rxb1 Rb8 25.Kg2 Rxb1 26.Qxb1 Ke8 27.g5 Be7 28.Ng4 Bd8 29.Qb2 Qc4 30.Nh6 Qb4
31.Qc1 Nf8 32.Qf4 Qb7 33.Ng8 Qb1 34.Nf6+ Ke7 35.Qe3 Qb4 36.Qe2 Qb7 37.Nh2 Nd7
38.Nhg4 Nb8 39.Qf3 Kf8 40.Qh3  1-0

[Event "Bucharest"]
[Site "Bucharest"]
[Date "1993.??.??"]
[Round "?"]
[White "Marciano, David"]
[Black "Hauchard, Arnaud"]
[Result "1/2-1/2"]
[WhiteElo "2430"]
[BlackElo "2450"]

1.e4 g6 2.d4 Bg7 3.Nc3 d6 4.Be3 Nd7 5.f4 e5 6.Nf3 exd4 7.Bxd4 Ngf6 8.e5 dxe5
9.fxe5 Nh5 10.Be3 Nxe5 11.Qxd8+ Kxd8 12.Bg5+ Ke8 13.O-O-O Bg4 14.Nxe5 Bxe5
15.Re1 f6 16.Bxf6 Nxf6 17.Rxe5+ Kf8 18.Bb5 Bf5 19.Rf1 Ng4 20.Rc5 c6 21.Bd3 Nxh2
22.Rf4 Kg7 23.Bxf5 gxf5 24.Rh4 Ng4 25.Rxf5 Kg6 26.Rf3 h5 27.Ne2 Rae8 28.Nf4+ Kg5  1/2-1/2

[Event "Bucharest (Women)"]
[Site "Bucharest"]
[Date "1993.??.??"]
[Round "4"]
[White "Baciu Ionescu, Otilia"]
[Black "Stanciu, Gabriela"]
[Result "0-1"]
[WhiteElo "2160"]
[BlackElo "2260"]

1.e4 g6 2.d4 Bg7 3.Nc3 d6 4.Be3 a6 5.Qd2 b5 6.a4 b4 7.Na2 a5 8.c3 Nf6 9.Bd3 bxc3
10.Nxc3 Ba6 11.Nge2 Bxd3 12.Qxd3 O-O 13.O-O Na6 14.Rac1 Qd7 15.d5 Nb4 16.Qc4 c6
17.dxc6 Nxc6 18.Nd4 Rfc8 19.Nxc6 Qxc6 20.Qd3 Qc4 21.Rfd1 Qxd3 22.Rxd3 Rab8
23.e5 dxe5 24.Nd5 Rxc1+ 25.Bxc1 e4 26.Nxf6+ Bxf6 27.Rd5 e6 28.Rxa5 Rd8  0-1

[Event "Bucharest ENE"]
[Site "Bucharest"]
[Date "1993.??.??"]
[Round "8"]
[White "Chernov, Vadim"]
[Black "Bogdan, Dan"]
[Result "1-0"]
[WhiteElo "2400"]
[BlackElo "2295"]

1.e4 g6 2.d4 Bg7 3.Nc3 d6 4.f4 Nf6 5.e5 Nfd7 6.Nf3 Nb6 7.Be3 O-O 8.h3 c6
9.Bd3 a5 10.O-O Na6 11.a3 dxe5 12.dxe5 Nd5 13.Nxd5 cxd5 14.Qe1 e6 15.Qf2 a4
16.Bb6 Qe8 17.Bxa6 Rxa6 18.Bc5 Qb5 19.Bxf8 Bxf8 20.c3 Rb6 21.Rab1 Bc5 22.Nd4 Qc4
23.Kh2 Bd7 24.Qh4 Bb5 25.Qd8+ Kg7 26.Qf6+ Kg8 27.f5 Bxd4 28.cxd4  1-0

[Event "Bucharest (Women)"]
[Site "Bucharest"]
[Date "1993.??.??"]
[Round "8"]
[White "Peptan, Corina"]
[Black "Stanciu, Gabriela"]
[Result "1/2-1/2"]
[WhiteElo "2315"]
[BlackElo "2260"]

1.e4 g6 2.d4 Bg7 3.Nc3 d6 4.Nf3 a6 5.Be2 b5 6.a3 Bb7 7.O-O Nd7 8.h3 c5 9.Be3 Rc8
10.Qd2 cxd4 11.Nxd4 Ngf6 12.f3 O-O 13.Kh2 Qc7 14.Kg1 Rfd8 15.Rad1 Nc5 16.Bh6 d5
17.Bxg7 Kxg7 18.exd5 Nxd5 19.Nxd5 Bxd5 20.Qg5 Ne6 21.Nxe6+ Bxe6 22.Bd3 Rd5
23.Qh4 Rcd8 24.Rde1 Rd4  1/2-1/2

[Event "Budapest"]
[Site "Budapest"]
[Date "1993.??.??"]
[Round "?"]
[White "Honfi, Karoly"]
[Black "Estival, Alain"]
[Result "1-0"]
[WhiteElo "2350"]
[BlackElo "2280"]

1.e4 g6 2.d4 Bg7 3.Nc3 d6 4.Be3 c6 5.Be2 Nd7 6.h4 h5 7.Qd2 Ngf6 8.f3 b5 9.Nh3 Nb6
10.Ng5 O-O 11.Rd1 Bb7 12.O-O e5 13.Qe1 exd4 14.Bxd4 Qe7 15.Qf2 b4 16.Nb1 c5
17.Be3 Nbd7 18.c4 Rad8 19.Rfe1 Rfe8 20.Bf1 Nh7 21.b3 Ne5 22.Nd2 f6 23.Nxh7 Kxh7
24.Qg3 Rg8 25.Be2 Bc8 26.Nf1 Nf7 27.Bd3 Ne5 28.Bb1 Nf7 29.Bc1 Bh6 30.Bxh6 Nxh6
31.Ne3 Qf8 32.Re2 f5 33.exf5 Bxf5 34.Nd5 Bxb1 35.Rxb1 Qf5 36.Rbe1 Rg7 37.Qg5 Qxg5
38.hxg5 Nf5 39.Nf6+ Kh8 40.Re8+  1-0

[Event "Budapest FS11 GM"]
[Site "Budapest"]
[Date "1993.??.??"]
[Round "1"]
[White "Lengyel, Bela"]
[Black "Vadasz, Laszlo"]
[Result "1-0"]
[WhiteElo "2420"]
[BlackElo "2400"]

1.e4 g6 2.d4 Bg7 3.Nc3 d6 4.Nf3 a6 5.Bc4 e6 6.Bg5 Ne7 7.Qd2 h6 8.Be3 b5 9.Bd3 Nd7
10.a4 b4 11.Ne2 Rb8 12.c3 a5 13.O-O Nf6 14.h3 Bb7 15.Ng3 d5 16.e5 Ne4 17.Qc2 Nxg3
18.fxg3 bxc3 19.bxc3 c5 20.dxc5 O-O 21.Qd2 Kh7 22.g4 Bc6 23.Rf2 Qd7 24.Bc2 Qc7
25.Bd4 Bb7 26.Qd3 Qc6 27.h4 Ba6 28.Qe3 Rb2 29.Bxg6+  1-0

[Event "Budapest FS08 GM"]
[Site "Budapest"]
[Date "1993.??.??"]
[Round "2"]
[White "Almasi, Istvan"]
[Black "Vadasz, Laszlo"]
[Result "1-0"]
[WhiteElo "2400"]
[BlackElo "2400"]

1.e4 g6 2.d4 Bg7 3.Nc3 d6 4.Be3 c6 5.Qd2 b5 6.Bd3 Nd7 7.Nge2 Nb6 8.b3 a5
9.O-O Nf6 10.Bh6 Bxh6 11.Qxh6 e5 12.f4 b4 13.fxe5 dxe5 14.Qg7 Rf8 15.Rxf6 bxc3
16.Rxc6 Nd7 17.Bb5 Qe7 18.Nxc3 Qb4 19.Rc4 Qd6 20.Nd5 Rb8 21.Rc6 Qa3 22.Qxe5+  1-0

[Event "Spring op"]
[Site "Budapest"]
[Date "1993.??.??"]
[Round "2"]
[White "Starosek, Konstantin"]
[Black "Weber, Siegfried"]
[Result "1/2-1/2"]
[WhiteElo "2450"]
[BlackElo "2270"]

1.d4 g6 2.e4 Bg7 3.Nc3 d6 4.Nf3 c6 5.a4 Na6 6.g3 Nh6 7.Bg2 O-O 8.O-O f6 9.d5 Nc7
10.Re1 e5 11.dxe6 Nxe6 12.a5 f5 13.Bxh6 Bxh6 14.exf5 Rxf5 15.a6 bxa6 16.Nh4 Rc5
17.Ne4 Rd5 18.Qe2 Bg7 19.c3 Rb8 20.Qc4 Rb6 21.Nf3 Kh8 22.h4 h6 23.b4 Rf5
24.Qd3 d5 25.Ned2 Nf8 26.Nb3 Rf7 27.Nbd4 Qd6 28.Re8 Bd7 29.Ra8 c5 30.bxc5 Qxc5
31.Qe3 Re7 32.Qd2 Rf6 33.Rb1 Rb6 34.Rxb6 Qxb6 35.Qf4 Re8 36.Rxe8 Bxe8 37.Nh2 Qf6
38.Qd2 Qd6 39.Ng4 Kh7 40.Ne3 Bf7 41.Qa2 Qc5 42.Bxd5 Bxd5 43.Nxd5 Bxd4 44.cxd4 Qxd4
45.Nf4 Qf6 46.Qd5 Qe7 47.Qa5 Qd6 48.Qa2 Qf6 49.Qa3 Nd7 50.h5 Nf8 51.hxg6+ Nxg6
52.Nh5 Qf5 53.Qxa6 Qxh5 54.Qxa7+ Kg8 55.Qa2+  1/2-1/2

[Event "Spring op"]
[Site "Budapest"]
[Date "1993.??.??"]
[Round "2"]
[White "Neuschmied, Siegfried"]
[Black "Chernyshov, Konstantin"]
[Result "0-1"]
[WhiteElo "2230"]
[BlackElo "2385"]

1.e4 g6 2.Nc3 Bg7 3.d4 d6 4.Be3 c6 5.Qd2 b5 6.Bd3 a6 7.O-O-O Nd7 8.f4 Ngf6
9.Nf3 Qa5 10.Kb1 b4 11.Ne2 O-O 12.h3 c5 13.c4 cxd4 14.Nexd4 Bb7 15.Qc2 Rfc8
16.Rhe1 Qc7 17.Bf2 e5 18.fxe5 dxe5 19.Nb3 a5 20.Qe2 a4 21.Nbd2 Nc5 22.Bxc5 Qxc5
23.g4 Ra6 24.Qe3 Nd7 25.Nf1 Rd6 26.Qe2 Nf6 27.Qc2 Rcd8 28.g5 Nxe4 29.Ne3 Nf2
30.Qxf2 Rxd3 31.Rxd3 Rxd3 32.Nd2 Rd7 33.Re2 e4 34.Ng4 Qxg5  0-1

[Event "Budapest FS11 IM-B"]
[Site "Budapest"]
[Date "1993.??.??"]
[Round "3"]
[White "Palkovi, Jozsef"]
[Black "Badian, Gustav"]
[Result "1-0"]
[WhiteElo "2425"]
[BlackElo "2180"]

1.e4 g6 2.d4 Bg7 3.Nc3 d6 4.g3 Nf6 5.Bg2 O-O 6.h3 e5 7.Nge2 exd4 8.Nxd4 Nbd7
9.O-O Re8 10.Re1 c6 11.a4 a5 12.Bf4 Ne5 13.b3 Nh5 14.Be3 Nd7 15.Qd2 Bf6 16.Rad1 Nc5
17.Nde2 Be7 18.g4 Ng7 19.Bf4 f5 20.gxf5 gxf5 21.Ng3 Nxe4 22.Ncxe4 fxe4 23.Nxe4 d5
24.Be5 Bf5 25.Qh6 Ne6 26.Re3 Bf8 27.Nf6+ Kf7 28.Qh5+ Bg6 29.Qg4 Bc5 30.Rf3 Ke7
31.Nxh7  1-0

[Event "Budapest FS11 GM"]
[Site "Budapest"]
[Date "1993.??.??"]
[Round "3"]
[White "Hamdouchi, Hichem"]
[Black "Vadasz, Laszlo"]
[Result "1-0"]
[WhiteElo "2455"]
[BlackElo "2400"]

1.e4 g6 2.d4 Bg7 3.Nc3 d6 4.Nge2 Nf6 5.g3 O-O 6.Bg2 e5 7.O-O Nbd7 8.Re1 exd4
9.Nxd4 Re8 10.a4 a5 11.Be3 Nc5 12.f3 Bd7 13.Qd2 Ne6 14.Ndb5 Bxb5 15.axb5 Nd7
16.Rad1 a4 17.Ra1 Nec5 18.Ra3 Nb6 19.Bf1 Qf6 20.Kg2 Qe6 21.Rb1 f5 22.Bxc5 dxc5
23.Nd5 Rad8 24.Qf4 Be5 25.Qh4 fxe4 26.Nxb6 Qxb6 27.Qxe4 Kg7 28.Rd3 Bd4 29.Qf4 Rf8
30.Qh4 Qf6 31.Qe4 c4 32.Rdd1 c3 33.bxc3 Bxc3 34.Qxb7 a3 35.Bc4 Kh8 36.f4 Qf5
37.Rd3 Rxd3 38.cxd3 Qc5 39.b6 cxb6 40.Rxb6 Qe3 41.Re6 Qd2+ 42.Kh3 Qb2 43.Qe7 Bb4
44.Qa7 Bc3 45.Qc5 Bg7 46.Qe7 a2 47.Rxg6 a1=Q  1-0

[Event "Budapest zt-B"]
[Site "Budapest"]
[Date "1993.??.??"]
[Round "3"]
[White "Gazik, Igor"]
[Black "Sznapik, Aleksander"]
[Result "1-0"]
[WhiteElo "2425"]
[BlackElo "2440"]

1.e4 g6 2.d4 Bg7 3.Nc3 d6 4.Be3 a6 5.Qd2 b5 6.f3 Bb7 7.h4 h5 8.Nh3 Nd7 9.Ng5 Ngf6
10.a4 b4 11.Ne2 a5 12.c3 bxc3 13.bxc3 O-O 14.Nc1 c6 15.Nd3 Qc7 16.Qa2 c5
17.Nf4 d5 18.e5 Nxe5 19.dxe5 Qxe5 20.Kf2 Qd6 21.Qa3 Rac8 22.Bb5 e5 23.Nd3 d4
24.cxd4 exd4 25.Bd2 Qd5 26.Nf4 Qd6 27.Rac1 Nd5 28.Ne4 Qe7 29.Nxd5 Bxd5 30.Qd3 Qa7
31.Bc4 Bxc4 32.Rxc4 Rfd8 33.Bg5 Rd5 34.Nf6+ Bxf6 35.Bxf6 Qb6 36.Bg5 Qb2+
37.Qd2 Qb3 38.Rhc1 Qb6 39.Qd3 Qb2+ 40.Kg1 Qb6 41.Qe4 Rf5 42.Qe7  1-0

[Event "Spring op"]
[Site "Budapest"]
[Date "1993.??.??"]
[Round "4"]
[White "Lochte, Thomas"]
[Black "Weber, Siegfried"]
[Result "0-1"]
[WhiteElo "2260"]
[BlackElo "2270"]

1.e4 g6 2.d4 Bg7 3.Nc3 d6 4.Be2 a6 5.a4 Nd7 6.f4 e6 7.Nf3 Ne7 8.O-O b6 9.Bc4 O-O
10.f5 exf5 11.exf5 Nxf5 12.Ng5 Nf6 13.Nxf7 Rxf7 14.Bxf7+ Kxf7 15.g4 Nxg4
16.Qxg4 Kg8 17.Bg5 Bxd4+ 18.Rf2 Bxf2+ 19.Kxf2 Qf8 20.Qc4+ Qf7 21.Qxf7+ Kxf7
22.Nd5 Bb7 23.Ne3 Nd4 24.Kg3 Re8 25.Rf1+ Nf5+ 26.Kf2 Be4 27.Ng4 h5 28.Nf6 Re6
29.Re1 d5 30.Nxe4 dxe4 31.Bd8 c5 32.Bg5 e3+ 33.Kg2 Re4 34.Kf3 Rxa4 35.Bxe3 Nh4+
36.Ke2 Nf5 37.Kd3 Rh4 38.Bg1 Rg4 39.b4 Rxb4 40.c3 Ra4 41.Rb1 Rg4 42.h3 Rg3+
43.Ke4 b5 44.Ra1 c4 45.Bf2 Rg2 46.Bb6 Re2+ 47.Kf4 Re6 48.Rxa6 Ne7  0-1

[Event "Budapest FS07 GM"]
[Site "Budapest"]
[Date "1993.??.??"]
[Round "4"]
[White "Velicka, Petr"]
[Black "Vadasz, Laszlo"]
[Result "1/2-1/2"]
[WhiteElo "2420"]
[BlackElo "2400"]

1.e4 g6 2.d4 Bg7 3.Nc3 d6 4.Nf3 Nf6 5.Bf4 Bg4 6.Be2 O-O 7.Qd2 Nc6 8.O-O e5
9.dxe5 dxe5 10.Bg5 Qxd2 11.Nxd2 Bxe2 12.Nxe2 Rfd8 13.Rfd1 Rd7 14.Bxf6 Bxf6
15.Nb3 Rad8 16.Rxd7 Rxd7 17.c3 Be7 18.Kf1 f6 19.Ke1 Kf7 20.Rd1 Rxd1+ 21.Kxd1 f5
22.Kd2 b5 23.Ng3 Ke6 24.Kd3 a5 25.Nf1 a4 26.Nbd2 Na5 27.Ne3 Nb7 28.f3 Nc5+
29.Ke2 c6 30.exf5+ gxf5 31.g4 fxg4 32.fxg4 Bg5 33.b4 axb3 34.axb3 Bf4 35.h3 Kf6
36.b4 Na4 37.Ne4+ Ke6 38.h4 Nb6 39.Nf5 Nd5 40.Kf3 Nf6 41.Nc5+ Kf7 42.g5 Nd5
43.Ne4 Bc1 44.h5 Bb2 45.Nfd6+ Kg8 46.c4 bxc4 47.Nxc4 Bd4 48.Ncd6 Be3 49.b5  1/2-1/2

[Event "Budapest FS11 IM-B"]
[Site "Budapest"]
[Date "1993.??.??"]
[Round "5"]
[White "Zupe, Miran"]
[Black "Badian, Gustav"]
[Result "1-0"]
[WhiteElo "2350"]
[BlackElo "2180"]

1.e4 g6 2.d4 Bg7 3.Nc3 d6 4.g3 c6 5.Bg2 Nd7 6.a4 a5 7.Nge2 e5 8.h3 Ne7 9.O-O O-O
10.dxe5 Nxe5 11.f4 Nc4 12.Qd3 Nb6 13.f5 f6 14.b3 Re8 15.g4 d5 16.Be3 Bd7
17.Qd4 Ra6 18.g5 Nxf5 19.exf5 Bxf5 20.Qd2 fxg5 21.Bxg5 Qd7 22.Ng3 Bxh3 23.Rae1 Raa8
24.Bh6 Bxg2 25.Kxg2 d4 26.Bxg7 Qxg7 27.Nce2 Nd5 28.Nxd4 Rxe1 29.Rxe1 Qd7
30.c4 Nf6 31.Qf4 Kf7 32.Re6 Qd8 33.Ne4  1-0

[Event "Budapest FS07 GM"]
[Site "Budapest"]
[Date "1993.??.??"]
[Round "6"]
[White "Vescovi, Giovanni"]
[Black "Vadasz, Laszlo"]
[Result "1-0"]
[WhiteElo "2340"]
[BlackElo "2400"]

1.e4 g6 2.d4 Bg7 3.Nc3 d6 4.Nf3 a6 5.a4 b6 6.Bc4 e6 7.O-O Ne7 8.Be3 Nd7 9.Qd2 h6
10.h4 Bb7 11.Rfe1 Nf6 12.Bd3 d5 13.Bf4 c5 14.dxc5 bxc5 15.exd5 Nexd5 16.Nxd5 Bxd5
17.Ne5 Bb7 18.Nc4 O-O 19.Bxh6 Qd5 20.Bf1 Bxh6 21.Qxh6 Rad8 22.Ne3 Qc6 23.Qf4 Nh5
24.Qg5 Rd4 25.Be2 Nf4 26.Bf3 Nh3+ 27.Kh2 Qxf3 28.gxf3 Nxg5 29.hxg5 Bxf3 30.Kg3 Bc6
31.Ng4 Kg7 32.Re5 Bd5 33.b3 c4 34.b4 Rb8 35.c3 Rd2 36.Nf6 Rd8 37.Re3 Bc6
38.a5 Rc2 39.Ng4 Rdd2 40.Ne5 Bd5 41.Ng4 Rd3 42.Ra3 Rd1 43.Kf4 Rb1 44.Rh3 Rb3
45.Nf6 Kf8 46.Ke5 Ke7 47.Ra1 Rbxc3 48.Rxc3 Rxc3 49.Nxd5+ exd5 50.b5 Kd7 51.Kxd5 Kc7
52.b6+ Kb7 53.f4 Rd3+ 54.Ke4 Rb3 55.Ra4 Rc3 56.Kd5  1-0

[Event "Budapest FS04 IM"]
[Site "Budapest"]
[Date "1993.??.??"]
[Round "6"]
[White "Farkas, Tibor"]
[Black "Werner, Marc"]
[Result "1-0"]
[WhiteElo "2370"]
[BlackElo "2350"]

1.e4 g6 2.d4 Bg7 3.Nc3 d6 4.Be3 c6 5.Qd2 b5 6.Bd3 Nd7 7.f4 Ngf6 8.h3 Nb6
9.b3 Bb7 10.Nf3 O-O 11.Rc1 Qc7 12.O-O Rac8 13.Qf2 b4 14.Nb1 c5 15.dxc5 dxc5
16.Nbd2 Nbd7 17.Qh4 Rcd8 18.f5 Ne5 19.Nxe5 Qxe5 20.Nf3 Qc7 21.fxg6 hxg6 22.Ng5 Nh5
23.Rxf7 Rxf7 24.Bc4 Bf6 25.Bxf7+ Kg7 26.Bc4 Qe5 27.Rf1 Rh8 28.Ne6+ Kh7 29.Ng5+ Kg7
30.Qg4 Bc8 31.Ne6+ Kh7 32.Rf5 Qa1+ 33.Kf2 Bxe6 34.Bxe6 Ng7 35.Bf7  1-0

[Event "Budapest FS11 IM-B"]
[Site "Budapest"]
[Date "1993.??.??"]
[Round "7"]
[White "Kubacsny, Laszlo"]
[Black "Badian, Gustav"]
[Result "1-0"]
[WhiteElo "2320"]
[BlackElo "2180"]

1.e4 g6 2.d4 Bg7 3.Nc3 d6 4.f4 e6 5.Nf3 Bd7 6.Be3 Ne7 7.Qd2 a6 8.g4 h5 9.gxh5 Rxh5
10.Be2 Rh8 11.O-O-O d5 12.f5 exf5 13.exd5 b5 14.a3 c6 15.dxc6 Nbxc6 16.d5 Na5
17.Rhe1 Kf8 18.Kb1 Rc8 19.Bd4 f6 20.Qe3 Bh6 21.Qf2 Kf7 22.Bb6 Qg8 23.Bxa5 Bf4
24.Bb4 g5 25.Bxe7 Kxe7 26.Bxb5+ Kd8 27.Qb6+ Bc7 28.Qxf6+  1-0